Riconosci il Pokémon - Quiz n°8 - Statistics

Statistiche generali
  • Questo quiz è stato fatto 19 volte
  • Il punteggio medio è 6 su 10
Statistiche sulle risposte
Indizio Risposta % Corretto
Generazione Nona
100%
Tipo Folletto / Lotta
88%
Stadio evoluzione Non si evolve
65%
Abilità Carica Quark
59%
Tasso di cattura 10 (3.9%)
47%
Sesso Sconosciuto
47%
Peso 35,0 kg
41%
Altezza 1,4 m
35%
Pokémon Eroeferreo
35%
Tasso di allevamento Lento
35%
Nessun quiz corrispondente trovato
Distribuzione punteggi
Percentuale di utenti per punteggio
Percentile per numero di risposta
I tuoi punteggi nel tempo
Non hai fatto questo quiz